<?xml version="1.0" encoding="UTF-8"?>
<collection xmlns="http://www.loc.gov/MARC21/slim">
 <record>
  <leader>01833nam a2200193Ia 4500</leader>
  <controlfield tag="001">CTU_34224</controlfield>
  <controlfield tag="008">210402s9999    xx            000 0 und d</controlfield>
  <datafield tag="082" ind1=" " ind2=" ">
   <subfield code="a">331.021</subfield>
  </datafield>
  <datafield tag="082" ind1=" " ind2=" ">
   <subfield code="b">B450</subfield>
  </datafield>
  <datafield tag="110" ind1=" " ind2=" ">
   <subfield code="a">Bộ Lao động Thương binh và Xã hội</subfield>
  </datafield>
  <datafield tag="245" ind1=" " ind2="0">
   <subfield code="a">Thực trạng lao động - việc làm ở Việt Nam (Từ kết quả điều tra lao động - việc làm 1998) =</subfield>
  </datafield>
  <datafield tag="245" ind1=" " ind2="0">
   <subfield code="b">Status of labour - employment in Vietnam (From survey on labour - employment 1998)</subfield>
  </datafield>
  <datafield tag="245" ind1=" " ind2="0">
   <subfield code="c">Bộ Lao động Thương binh và Xã hội</subfield>
  </datafield>
  <datafield tag="260" ind1=" " ind2=" ">
   <subfield code="a">Hà Nội</subfield>
  </datafield>
  <datafield tag="260" ind1=" " ind2=" ">
   <subfield code="b">Thống Kê</subfield>
  </datafield>
  <datafield tag="260" ind1=" " ind2=" ">
   <subfield code="c">1999</subfield>
  </datafield>
  <datafield tag="520" ind1=" " ind2=" ">
   <subfield code="a">Sách cung cấp nhiều thông tin cơ bản về thực trạng lao động và việc làm thuộc khu vực thành thị, nông thôn; nhất là hệ thống các thông tin về số người thất nghiệp, cơ cấu thất nghiệp và tỷ lệ thất nghiệp, số người thiếu việc làm, cơ cấu thiếu việc làm và tỷ lệ người thiếu việc làm, tỷ lệ thời gian lao động được sử dụng ở nông thôn, quy mô và cơ cấu của lực lượng lao động chia theo giới tính, nhóm tuối, trình độ học vấn, trình độ chuyên môn kỹ thuật, ngành nghề đào tạo.... Ngoài ra, sách còn cung cấp các thông tin cơ bản khác có liên quan việc lập các quy hoạch phát triển nguồn nhân lực, chương trình và kế hoạch đào tạo, dạy nghề, chuyển dịc cơ cấu lao động...</subfield>
  </datafield>
  <datafield tag="650" ind1=" " ind2=" ">
   <subfield code="a">Labor economics,Labor supply</subfield>
  </datafield>
  <datafield tag="980" ind1=" " ind2=" ">
   <subfield code="a">Trung tâm Học liệu Trường Đại học Cần Thơ</subfield>
  </datafield>
 </record>
</collection>
